| 000 | 00622pam a2200181 a 4500 | ||
|---|---|---|---|
| 020 | _a0077079620 (pbk. : alk. paper) | ||
| 082 | 0 | 0 |
_a658.403811 _bCRO _cN-01, P-41 |
| 100 | 1 |
_aCrowe, M. K. _944675 |
|
| 245 | 1 | 0 |
_aConstructing systems and information : _ba process view / _cMalcolm Crowe, Richard Beeby, John Gammack. |
| 260 |
_aLondon ; _aNew York : _bMcGraw Hill, _cc1996. |
||
| 300 |
_axiii, 261 p. : _bill. ; _c25 cm. |
||
| 526 |
_a0 _b0 _c0 _d658_403811000000000_CRO |
||
| 650 | 0 |
_aNUST _96342 |
|
| 650 | 0 |
_aSystem design. _92255 |
|
| 700 | 1 |
_aBeeby, Richard. _944676 |
|
| 700 | 1 |
_aGammack, John, _944677 |
|
| 942 |
_2ddc _cBK |
||
| 999 |
_c548395 _d548395 |
||